000 00610cam a22002291 4500
001 sa 65001259
003 DLC
005 20260227112108.0
008 891009s1962 ii ah 000 0 hino
010 _asa 65001259
025 _aPL480:I-H-1142
035 _a(OCoLC)20457728
040 _aDLC
_cWaU
_dDLC
042 _apremarc
050 0 0 _aPK2095.M3
_bK3
100 0 _aMalik Muhammad Jayasi,
_dactive 1540.
245 1 0 _aKaharānāmā aura Masalānāmā.
260 _c[1962]
300 _a5, 109, 2 p.
_billus., facsims.
_c22 cm.
500 _aIn Hindi.
700 1 _aSiṃha, Amara Bahādura,
_d1935-
999 _c61989
_d61989